000 00509nam a2200193Ia 4500
005 20250326141212.0
008 250326s9999 xx 000 0 und d
037 _aTextbook
040 _aFMSL
_beng
_cFMSL
041 _aeng
_2eng
084 _qFMSL
100 _aPetersen H C
_9742486
245 0 _aManagement economics
_cPetersen H C; Levis W C
250 _aEd 3rd
260 _aNew Delhi
_bNew Delhi, Prentice-Hall of India
_c1994
300 _a684p
942 _cTB
999 _c1289198
_d1289198